000 00398nmm a2200145Ia 4500
008 251105s9999||||xx |||||||||||||||||und||
041 _aspa
100 _aLaurens, Stephanie
245 0 _aLas razones del corazón
264 _a[Madrid, España] :
_bEdiciones B,
_c2013
300 _a512 páginas
650 _aRomance
856 _uhttps://public.digitaliapublishing.com/a/52993
942 _cCF
999 _c104776
_d104776